[Event "Berlin Lichtenberger op 16th"]
[Site "Berlin"]
[Date "2017.08.25"]
[Round "7"]
[White "Heinig, Wolfram"]
[Black "Slepuschkin, Shenis"]
[Result "1-0"]
[WhiteElo "2328"]
[BlackElo "2169"]
[PlyCount "75"]
[EventDate "2017.08.19"]
[EventType "swiss"]
[EventRounds "9"]
[EventCountry "GER"]
[SourceTitle "CBM 180 Extra"]
[Source "ChessBase"]
[SourceDate "2017.10.06"]
[SourceVersion "1"]
[SourceVersionDate "2017.10.06"]
[SourceQuality "1"]

1. d4 d6 2. Nf3 Nf6 3. g3 g6 4. Bg2 Bg7 5. 0-0 0-0 6. c4 c6 7. Nc3 Qa5 8. d5 cxd5 9. cxd5 b5 10. Nd4 a6 11. a3 Qb6 12. h3 Bb7 13. Be3 Qd8 14. Rc1 Re8 15. b4 Qd7 16. Qb3 Nh5 17. a4 Bxd4 18. Bxd4 e5 19. dxe6 fxe6 20. axb5 Bxg2 21. Kxg2 axb5 22. Ne4 d5 23. Nc5 Qf7 24. f4 Na6 25. Be5 Nf6 26. Nxa6 Rxa6 27. Rc7 Re7 28. Rc8+ Ne8 29. g4 h5 30. Qd3 Kh7 31. Qxb5 Ra3 32. Rf3 Ra2 33. Qd3 Rea7 34. gxh5 Kh6 35. hxg6 Qg8 36. f5 R2a3 37. Qb5 exf5 38. Rxa3 1-0

[Event "Berlin Lichtenberger op 16th"]
[Site "Berlin"]
[Date "2017.08.24"]
[Round "6"]
[White "Slepuschkin, Shenis"]
[Black "Oelmann, Henry"]
[Result "1-0"]
[WhiteElo "2169"]
[BlackElo "1992"]
[PlyCount "57"]
[EventDate "2017.08.19"]
[EventType "swiss"]
[EventRounds "9"]
[EventCountry "GER"]
[SourceTitle "CBM 180 Extra"]
[Source "ChessBase"]
[SourceDate "2017.10.06"]
[SourceVersion "1"]
[SourceVersionDate "2017.10.06"]
[SourceQuality "1"]

1. d4 Nf6 2. Nc3 d6 3. e4 g6 4. Be3 c6 5. f3 Nbd7 6. Qd2 Nb6 7. g4 h6 8. 0-0-0 Bd7 9. Bf4 Qc7 10. h4 Bg7 11. Bd3 0-0-0 12. Qh2 a6 13. Nge2 Ne8 14. e5 dxe5 15. dxe5 Be6 16. Bg3 g5 17. Bf5 Rxd1+ 18. Rxd1 Nc4 19. Bxe6+ fxe6 20. Nd4 Bxe5 21. Nxe6 Bxg3 22. Qxg3 Qb6 23. Rd8+ Qxd8 24. Nxd8 Kxd8 25. Qb8+ Kd7 26. Ne4 b6 27. b3 Ncd6 28. Qxb6 Nxe4 29. Qd4+ 1-0

[Event "Berlin Lichtenberger op 16th"]
[Site "Berlin"]
[Date "2017.08.23"]
[Round "5"]
[White "Acikel, Mert"]
[Black "Slepuschkin, Shenis"]
[Result "0-1"]
[WhiteElo "1914"]
[BlackElo "2169"]
[PlyCount "52"]
[EventDate "2017.08.19"]
[EventType "swiss"]
[EventRounds "9"]
[EventCountry "GER"]
[SourceTitle "CBM 180 Extra"]
[Source "ChessBase"]
[SourceDate "2017.10.06"]
[SourceVersion "1"]
[SourceVersionDate "2017.10.06"]
[SourceQuality "1"]

1. e4 e6 2. d4 d5 3. Nd2 dxe4 4. Nxe4 Qd5 5. Nc3 Bb4 6. Nge2 Nc6 7. Bd2 Qh5 8. d5 exd5 9. Nb5 Qe5 10. c3 Ba5 11. Bf4 Qe7 12. Qxd5 Be6 13. Qg5 f6 14. Qg3 0-0-0 15. b4 Nxb4 16. cxb4 Qxb4+ 17. Nbc3 Bc4 18. Rc1 Ne7 19. Qg4+ Kb8 20. a3 Qb3 21. Qxg7 Nd5 22. Bd2 Nxc3 23. Bxc3 Rd1+ 24. Rxd1 Bxc3+ 25. Nxc3 Qxc3+ 26. Rd2 Qc1+ 0-1

[Event "Berlin Lichtenberger op 16th"]
[Site "Berlin"]
[Date "2017.08.22"]
[Round "4"]
[White "Slepuschkin, Shenis"]
[Black "Shapiro, Yosip"]
[Result "1/2-1/2"]
[WhiteElo "2169"]
[BlackElo "2098"]
[PlyCount "72"]
[EventDate "2017.08.19"]
[EventType "swiss"]
[EventRounds "9"]
[EventCountry "GER"]
[SourceTitle "CBM 180 Extra"]
[Source "ChessBase"]
[SourceDate "2017.10.06"]
[SourceVersion "1"]
[SourceVersionDate "2017.10.06"]
[SourceQuality "1"]

1. d4 Nf6 2. Nc3 d5 3. Nf3 e6 4. Bf4 Bb4 5. a3 Bxc3+ 6. bxc3 c5 7. Bxb8 Rxb8 8. dxc5 Qa5 9. Qd4 0-0 10. e3 Ne4 11. Bd3 Qxc3+ 12. Ke2 Qa5 13. Bxe4 dxe4 14. Ng5 f5 15. Rhb1 h6 16. Qe5 Bd7 17. Nh3 Bb5+ 18. Kd1 Rbd8+ 19. Kc1 Qd2+ 20. Kb2 Qd5 21. Qxd5 Rxd5 22. Nf4 Re5 23. Kc3 Rxc5+ 24. Kb4 b6 25. a4 a5+ 26. Ka3 Bd7 27. Rxb6 Rc3+ 28. Rb3 Rc4 29. Rb7 Rfc8 30. Rxd7 Rc3+ 31. Kb2 Rxc2+ 32. Kb1 Rxf2 33. Ra3 Rf1+ 34. Kb2 Rf2+ 35. Kb1 Rf1+ 36. Kb2 Rf2+ 1/2-1/2

[Event "Berlin-ch QT"]
[Site "Berlin"]
[Date "2017.04.16"]
[Round "8"]
[White "Slepuschkin, Shenis"]
[Black "Niehaus, Frank"]
[Result "1/2-1/2"]
[WhiteElo "2163"]
[BlackElo "2213"]
[PlyCount "140"]
[EventDate "2017.04.09"]
[EventType "swiss"]
[EventRounds "9"]
[EventCountry "GER"]
[SourceTitle "CBM 189 Extra"]
[Source "ChessBase"]
[SourceDate "2019.06.03"]
[SourceVersion "1"]
[SourceVersionDate "2019.06.03"]
[SourceQuality "1"]

1. c4 Nf6 2. Nc3 g6 3. g3 Bg7 4. Bg2 d6 5. e4 0-0 6. d3 e5 7. Nge2 Nc6 8. 0-0 Nd7 9. f4 f5 10. exf5 gxf5 11. Be3 Nd4 12. Bxd4 exd4 13. Nb5 Nc5 14. Nbxd4 c6 15. Rb1 a5 16. Qd2 Bd7 17. Rfe1 Qb6 18. Kh1 Rfe8 19. Nf3 Re7 20. Nc3 Rae8 21. Rxe7 Rxe7 22. h3 Re8 23. Rd1 Re7 24. Kh2 Re8 25. Ng5 Bd4 26. Nf3 Bg7 27. h4 Re7 28. Bh3 Nxd3 29. Na4 Qf2+ 30. Qxf2 Nxf2 31. Rxd6 Nxh3 32. Kxh3 Be8 33. Rd2 h6 34. Nc5 Bh5 35. Ne5 Bxe5 36. fxe5 Rxe5 37. Nxb7 Bf3 38. Rf2 Bg4+ 39. Kg2 Kf8 40. b3 Ke7 41. Rd2 Bh5 42. Kf2 a4 43. bxa4 Re4 44. Rc2 f4 45. a5 fxg3+ 46. Kxg3 Rg4+ 47. Kh3 Rg8 48. Rg2 Rxg2 49. Kxg2 Kd7 50. c5 Be2 51. Kg3 Ke6 52. Kf4 Kd5 53. Kf5 Ba6 54. Nd8 Kxc5 55. Ke5 Kb5 56. a4+ Kc5 57. Ne6+ Kb4 58. Nc7 Kxa5 59. Nxa6 Kxa6 60. Kd6 Kb6 61. h5 Ka5 62. Kxc6 Kxa4 63. Kd6 Kb5 64. Ke5 Kc6 65. Kf6 Kd7 66. Kg6 Ke8 67. Kg7 Ke7 68. Kxh6 Kf8 69. Kh7 Kf7 70. h6 Kf8 1/2-1/2

[Event "Berlin-ch QT"]
[Site "Berlin"]
[Date "2017.04.15"]
[Round "7"]
[White "Slepuschkin, Shenis"]
[Black "Nitsche Hahn, Raphael"]
[Result "1-0"]
[WhiteElo "2163"]
[BlackElo "1956"]
[PlyCount "73"]
[EventDate "2017.04.09"]
[EventType "swiss"]
[EventRounds "9"]
[EventCountry "GER"]
[SourceTitle "CBM 189 Extra"]
[Source "ChessBase"]
[SourceDate "2019.06.03"]
[SourceVersion "1"]
[SourceVersionDate "2019.06.03"]
[SourceQuality "1"]

1. d4 Nf6 2. Nc3 d5 3. Nf3 Bf5 4. Bf4 a6 5. e3 e6 6. Bd3 Bg6 7. a3 Bd6 8. Ne5 Nbd7 9. Qe2 Bxe5 10. dxe5 Ng8 11. h4 c5 12. h5 Bxd3 13. cxd3 h6 14. Qg4 Kf8 15. Qe2 Ne7 16. d4 Rc8 17. g4 Nc6 18. Rd1 b5 19. Qd2 Qb6 20. 0-0 Ke7 21. Bg3 Rcg8 22. f4 g6 23. Kh2 gxh5 24. gxh5 Rg4 25. Kh3 Rhg8 26. Rg1 f5 27. dxc5 Qb8 28. Nxd5+ Kf7 29. b4 Qd8 30. Nb6 Nxb6 31. Qxd8 Nxd8 32. cxb6 Ke8 33. Rc1 R4g7 34. Rc7 Nb7 35. Rxg7 Rxg7 36. Rc1 Rd7 37. Bh4 1-0

[Event "Berlin-ch QT"]
[Site "Berlin"]
[Date "2017.04.13"]
[Round "5"]
[White "Hintze, Peter"]
[Black "Slepuschkin, Shenis"]
[Result "1/2-1/2"]
[WhiteElo "2035"]
[BlackElo "2163"]
[PlyCount "41"]
[EventDate "2017.04.09"]
[EventType "swiss"]
[EventRounds "9"]
[EventCountry "GER"]
[SourceTitle "CBM 189 Extra"]
[Source "ChessBase"]
[SourceDate "2019.06.03"]
[SourceVersion "1"]
[SourceVersionDate "2019.06.03"]
[SourceQuality "1"]

1. e4 e6 2. d4 d5 3. Nd2 Nf6 4. e5 Nfd7 5. Ngf3 c5 6. c3 Nc6 7. Bb5 cxd4 8. cxd4 Qb6 9. Qa4 a6 10. Bxc6 Qxc6 11. Qd1 Qb5 12. Qb3 Qxb3 13. Nxb3 a5 14. 0-0 a4 15. Nbd2 Nb6 16. Nb1 Nc4 17. Nc3 h6 18. Nd2 Nxd2 19. Bxd2 Bd7 20. b3 Bb4 21. bxa4 1/2-1/2

[Event "Berlin-ch QT"]
[Site "Berlin"]
[Date "2017.04.09"]
[Round "1"]
[White "Slepuschkin, Shenis"]
[Black "Reck, Jessica"]
[Result "1-0"]
[WhiteElo "2163"]
[BlackElo "1692"]
[PlyCount "89"]
[EventDate "2017.04.09"]
[EventType "swiss"]
[EventRounds "9"]
[EventCountry "GER"]
[SourceTitle "CBM 189 Extra"]
[Source "ChessBase"]
[SourceDate "2019.06.03"]
[SourceVersion "1"]
[SourceVersionDate "2019.06.03"]
[SourceQuality "1"]

1. e4 g6 2. d4 c6 3. Nc3 d5 4. e5 Bg7 5. Be3 Nh6 6. Qd2 Nf5 7. Bf4 e6 8. g4 Ne7 9. Bh6 0-0 10. h4 f5 11. exf6 Rxf6 12. Bxg7 Kxg7 13. h5 Qf8 14. f3 Ng8 15. hxg6 Rxg6 16. g5 Ne7 17. Qh2 Qg8 18. Qc7 Nd7 19. f4 Nf5 20. Bd3 Qf8 21. 0-0-0 Qb4 22. Nf3 Qb6 23. Qxb6 axb6 24. Nh4 Nf8 25. Bxf5 exf5 26. Nxg6 Nxg6 27. Rde1 Bd7 28. Kd2 b5 29. a3 Rf8 30. Ke3 Rf7 31. Kf3 Ne7 32. Nd1 Nc8 33. Rh6 Nb6 34. b3 Nc8 35. Nf2 b6 36. Nd3 Re7 37. Reh1 Kg8 38. Ne5 Be8 39. g6 hxg6 40. Rh8+ Kg7 41. R1h7+ Kf6 42. Rxe7 Kxe7 43. Nxc6+ Bxc6 44. Rxc8 Bd7 45. Rb8 1-0

[Event "Berlin Eckbauer op 19th"]
[Site "Berlin"]
[Date "2016.11.21"]
[Round "6"]
[White "Slepuschkin, Shenis"]
[Black "Kuester, Manfred"]
[Result "1-0"]
[WhiteElo "2163"]
[BlackElo "1901"]
[PlyCount "51"]
[EventDate "2016.10.10"]
[EventType "swiss"]
[EventRounds "7"]
[EventCountry "GER"]
[SourceTitle "EXT 2022"]
[Source "ChessBase"]
[SourceDate "2021.10.06"]
[SourceVersion "1"]
[SourceVersionDate "2021.10.06"]
[SourceQuality "1"]

1. e4 Nc6 2. Nf3 Nf6 3. e5 Ng4 4. d4 d6 5. h3 Nh6 6. Bb5 a6 7. Bxc6+ bxc6 8. Bf4 a5 9. 0-0 e6 10. Nc3 Ba6 11. Re1 d5 12. Qd2 Nf5 13. g4 Nh4 14. Nxh4 Qxh4 15. Kg2 Qd8 16. Be3 Be7 17. Ne2 0-0 18. Ng3 Bb4 19. c3 Be7 20. Nh5 f5 21. exf6 gxf6 22. Bh6 Rf7 23. Rxe6 Qd7 24. Rae1 Raf8 25. Bxf8 Bxf8 26. Nxf6+ 1-0

[Event "Berlin Eckbauer op 19th"]
[Site "Berlin"]
[Date "2016.10.10"]
[Round "1"]
[White "Lawatsch, Michael"]
[Black "Slepuschkin, Shenis"]
[Result "1/2-1/2"]
[WhiteElo "1707"]
[BlackElo "2163"]
[PlyCount "169"]
[EventDate "2016.10.10"]
[EventType "swiss"]
[EventRounds "7"]
[EventCountry "GER"]
[SourceTitle "EXT 2022"]
[Source "ChessBase"]
[SourceDate "2021.10.06"]
[SourceVersion "1"]
[SourceVersionDate "2021.10.06"]
[SourceQuality "1"]

1. f4 g5 2. fxg5 d5 3. Nf3 Qd6 4. c3 Nc6 5. d4 h6 6. Qd3 hxg5 7. Bxg5 Bh6 8. Bh4 Bg4 9. Bg3 Qd7 10. Ne5 Nxe5 11. Bxe5 f6 12. Bg3 Bf5 13. Qf3 Be4 14. Qf2 0-0-0 15. Nd2 Bg6 16. e3 e5 17. dxe5 fxe5 18. Nb3 d4 19. Bxe5 dxe3 20. Qf3 Bg7 21. Bxg7 Bh5 22. Qxb7+ Kxb7 23. Nc5+ Kc8 24. Nxd7 Rh7 25. Nf6 Nxf6 26. Bxf6 Rd2 27. h3 Kd7 28. g4 Bxg4 29. Bg5 Rxb2 30. Bd3 Rxh3 31. Rxh3 Bxh3 32. Bxe3 Rh2 33. 0-0-0 Ke7 34. Bxa7 Rxa2 35. Bc5+ Kf6 36. Bd4+ Ke7 37. Re1+ Kd7 38. Kb1 Rd2 39. Bb5+ c6 40. Bc4 Bg4 41. Kc1 Rh2 42. Bc5 Rh7 43. Kb2 Bf3 44. Be6+ Kc7 45. Bf5 Rf7 46. Bd3 Bd5 47. c4 Bf3 48. Kc3 Bg4 49. Ra1 Bh5 50. Ra2 Kb7 51. Kb4 Kb8 52. Bd6+ Kb7 53. Kc5 Bf3 54. Rb2+ Ka7 55. Kd4 Rg7 56. c5 Bd5 57. Rb1 Rg2 58. Rb6 Rd2 59. Kc3 Rg2 60. Ra6+ Kb7 61. Ra5 Ra2 62. Rxa2 Bxa2 63. Bf5 Bf7 64. Bd7 Bd5 65. Kd4 Bf3 66. Ke5 Be2 67. Kf6 Bf3 68. Ke7 Be4 69. Kd8 Ka6 70. Kc7 Kb5 71. Be6 Bd3 72. Bg4 Be4 73. Be2+ Ka5 74. Kb7 Bd5 75. Bc7+ Kb4 76. Kb6 Be4 77. Bg4 Kc4 78. Be6+ Kd4 79. Bd6 Bf3 80. Bd7 Kc4 81. Bxc6 Bd1 82. Bb5+ Kd5 83. c6 Kxd6 84. c7 Bg4 85. Kb7 1/2-1/2

[Event "BL2-Nord 1516"]
[Site "Germany"]
[Date "2016.03.14"]
[Round "8.8"]
[White "Slepuschkin, Shenis"]
[Black "Dudzinski, Pawel"]
[Result "1/2-1/2"]
[WhiteElo "2168"]
[BlackElo "2230"]
[PlyCount "68"]
[EventDate "2015.09.19"]
[EventType "team-tourn"]
[EventRounds "9"]
[EventCountry "GER"]
[SourceTitle "EXT 2017"]
[Source "ChessBase"]
[SourceDate "2016.10.25"]
[SourceVersion "1"]
[SourceVersionDate "2016.10.25"]
[SourceQuality "1"]
[WhiteTeam "Kreuzberg"]
[BlackTeam "Ruedersdorf"]
[WhiteTeamCountry "GER"]
[BlackTeamCountry "GER"]

1. d4 f5 2. Nf3 Nf6 3. g3 g6 4. Bg2 Bg7 5. 0-0 0-0 6. b3 c6 7. Bb2 Ne4 8. c4 d6 9. Nc3 Nxc3 10. Bxc3 h6 11. Rc1 Nd7 12. d5 c5 13. Bxg7 Kxg7 14. Nd2 f4 15. gxf4 Rxf4 16. e3 Rh4 17. f4 Nf6 18. Qe1 g5 19. e4 Rxf4 20. Rxf4 gxf4 21. Qh4 e5 22. dxe6 Bxe6 23. Qxf4 Nh5 24. Qe3 Qg5 25. Qxg5+ hxg5 26. Rd1 Nf4 27. e5 Bg4 28. Bxb7 Rf8 29. Bf3 Bxf3 30. Nxf3 Ne2+ 31. Kg2 Nf4+ 32. Kg3 Ne2+ 33. Kg2 Nf4+ 34. Kg3 Ne2+ 1/2-1/2

[Event "BL2-Nord 1516"]
[Site "Germany"]
[Date "2016.01.31"]
[Round "6.6"]
[White "Ribic, Kasmir"]
[Black "Slepuschkin, Shenis"]
[Result "1/2-1/2"]
[WhiteElo "2266"]
[BlackElo "2155"]
[PlyCount "33"]
[EventDate "2015.09.19"]
[EventType "team-tourn"]
[EventRounds "9"]
[EventCountry "GER"]
[SourceTitle "EXT 2017"]
[Source "ChessBase"]
[SourceDate "2016.10.25"]
[SourceVersion "1"]
[SourceVersionDate "2016.10.25"]
[SourceQuality "1"]
[WhiteTeam "Zehlendorf"]
[BlackTeam "Kreuzberg"]
[WhiteTeamCountry "GER"]
[BlackTeamCountry "GER"]

1. d4 e6 2. Nf3 Nf6 3. g3 d5 4. Bg2 c5 5. 0-0 Nc6 6. c4 Be7 7. cxd5 exd5 8. Nc3 0-0 9. dxc5 Bxc5 10. Bg5 d4 11. Bxf6 Qxf6 12. Nd5 Qd8 13. Ne1 Re8 14. Nd3 Bb6 15. Qd2 Be6 16. N3f4 Qd6 17. Nxe6 1/2-1/2

[Event "Berlin Eckbauer op 18th"]
[Site "Berlin"]
[Date "2015.11.09"]
[Round "5"]
[White "Slepuschkin, Shenis"]
[Black "Von Herman, Ulf"]
[Result "1/2-1/2"]
[WhiteElo "2155"]
[BlackElo "2364"]
[PlyCount "42"]
[EventDate "2015.10.05"]
[EventType "swiss"]
[EventRounds "7"]
[EventCountry "GER"]
[SourceTitle "EXT 2022"]
[Source "ChessBase"]
[SourceDate "2021.10.06"]
[SourceVersion "1"]
[SourceVersionDate "2021.10.06"]
[SourceQuality "1"]

1. e4 c6 2. d4 d5 3. exd5 cxd5 4. c4 Nf6 5. Nc3 Nc6 6. cxd5 Nxd5 7. Nf3 Bg4 8. Qb3 Bxf3 9. gxf3 e6 10. Qxb7 Nxd4 11. Bb5+ Nxb5 12. Qc6+ Ke7 13. Qxb5 Qd7 14. Nxd5+ Qxd5 15. Bg5+ f6 16. Qxd5 exd5 17. Be3 Ke6 18. 0-0-0 Bb4 19. a3 Rhc8+ 20. Kb1 Bc5 21. Rhe1 Bxe3 1/2-1/2

[Event "Berlin Eckbauer op 16th"]
[Site "Berlin"]
[Date "2013.11.04"]
[Round "5"]
[White "Zschaebitz, Klaus"]
[Black "Slepuschkin, Shenis"]
[Result "0-1"]
[WhiteElo "2024"]
[BlackElo "2144"]
[PlyCount "126"]
[EventDate "2013.10.07"]
[EventType "swiss"]
[EventRounds "7"]
[EventCountry "GER"]
[SourceTitle "EXT 2022"]
[Source "ChessBase"]
[SourceDate "2021.10.06"]
[SourceVersion "1"]
[SourceVersionDate "2021.10.06"]
[SourceQuality "1"]

1. c4 c6 2. g3 d5 3. Bg2 Nf6 4. Nf3 Bf5 5. cxd5 Nxd5 6. d3 Bg6 7. Nc3 e6 8. Qb3 Qb6 9. 0-0 Qxb3 10. axb3 Nd7 11. Nd2 Bb4 12. Nde4 Bxe4 13. Nxe4 0-0 14. Bd2 Be7 15. Rfc1 Rfe8 16. d4 a6 17. Nc3 Bf6 18. e4 Nc7 19. e5 Be7 20. Na4 Nb5 21. Be3 h6 22. f4 h5 23. Bf3 g6 24. Rc2 Rad8 25. Nc3 Ra8 26. Ne4 Red8 27. Rd1 Nb6 28. Nc5 Bxc5 29. dxc5 Rxd1+ 30. Bxd1 Nd5 31. Kf2 Kf8 32. Bf3 Ke7 33. h4 Rd8 34. Rd2 Rd7 35. g4 hxg4 36. Bxg4 Nbc7 37. h5 gxh5 38. Bxh5 Ne8 39. Kf3 Ng7 40. Bg4 Rd8 41. f5 exf5 42. Bg5+ Ke8 43. Bh3 Ne7 44. Rd6 Ne6 45. Be3 Ng6 46. Bxf5 Nxe5+ 47. Ke4 Rxd6 48. cxd6 Ng6 49. Bxe6 fxe6 50. Kd4 b6 51. Ke4 b5 52. Kd4 Kd7 53. Kc5 Ne5 54. Kb6 Kxd6 55. Kxa6 Nd3 56. Ka5 Kd5 57. Bh6 e5 58. Bg7 e4 59. Bh6 Nxb2 60. Kb4 Nd1 61. Bd2 e3 62. Be1 e2 63. Bh4 Ne3 0-1

[Event "Berlin Eckbauer op 16th"]
[Site "Berlin"]
[Date "2013.10.21"]
[Round "3"]
[White "Neuenbaumer, Jan Holger"]
[Black "Slepuschkin, Shenis"]
[Result "1/2-1/2"]
[WhiteElo "1912"]
[BlackElo "2144"]
[PlyCount "121"]
[EventDate "2013.10.07"]
[EventType "swiss"]
[EventRounds "7"]
[EventCountry "GER"]
[SourceTitle "EXT 2022"]
[Source "ChessBase"]
[SourceDate "2021.10.06"]
[SourceVersion "1"]
[SourceVersionDate "2021.10.06"]
[SourceQuality "1"]

1. e4 d5 2. exd5 Qxd5 3. Nc3 Qd8 4. d4 Nf6 5. Nf3 Bg4 6. Be2 e6 7. 0-0 Be7 8. Be3 0-0 9. h3 Bh5 10. Ne5 Bxe2 11. Qxe2 c6 12. f4 Nbd7 13. Rad1 Qa5 14. Nc4 Qa6 15. Ne5 Qxe2 16. Nxe2 Rad8 17. c4 c5 18. Nxd7 Nxd7 19. Nc3 cxd4 20. Bxd4 Bc5 21. Ne4 b6 22. Bxc5 Nxc5 23. Nxc5 bxc5 24. Kf2 f6 25. Ke3 Kf7 26. b3 a5 27. g3 h5 28. Ke4 Rfe8 29. Ke3 e5 30. Rxd8 exf4+ 31. Kxf4 g5+ 32. Kf3 Rxd8 33. Re1 Rd2 34. Re2 Rxe2 35. Kxe2 Ke6 36. a3 Ke5 37. Kd3 f5 38. Ke3 f4+ 39. gxf4+ gxf4+ 40. Kf3 Kd4 41. Kxf4 Kc3 42. Ke5 Kxb3 43. Kd5 Kxa3 44. Kxc5 Kb3 45. Kb5 a4 46. c5 a3 47. c6 a2 48. c7 a1Q 49. c8Q Qa4+ 50. Kb6 Qb4+ 51. Ka6 Qc4+ 52. Qxc4+ Kxc4 53. Ka5 Kd3 54. Kb4 Ke2 55. Kc3 Kf2 56. Kd3 h4 57. Kd2 Kg2 58. Ke2 Kxh3 59. Kf3 Kh2 60. Kf2 h3 61. Kf1 1/2-1/2